000
00252nam a2200109Ia 4500
008
190914s9999||||xx |||||||||||||| ||und||
100
_a
Geetika, Ghosh
245
0
_a
Managerial Economics
260
_a
Canada
_b
Pearson
_c
2005
300
_a
94
942
_c
BK
999
_c
9811
_d
9811